Matemática en poesia /
Guardado en:
| Autor Principal: | |
|---|---|
| Formato: | Libro |
| Publicado: |
Bahía Blanca :
Talleres Brown Nro. 865,
1983
|
| Materias: | |
| Etiquetas: |
Agregar Etiqueta
Sin Etiquetas, Sea el primero en etiquetar este registro!
|
| LEADER | 00498nam a22001695a 4500 | ||
|---|---|---|---|
| 001 | CEM.cems000292 | ||
| 005 | 20061013151453.0 | ||
| 008 | 130507s1983##################000#0#####d | ||
| 003 | CEMS | ||
| 082 | 0 | 4 | |a 510 |
| 100 | 1 | |a Abat, Herminia María | |
| 245 | 1 | 0 | |a Matemática en poesia / |c Herminia María Abat |
| 260 | |a Bahía Blanca : |b Talleres Brown Nro. 865, |c 1983 | ||
| 300 | |a 52 p. | ||
| 653 | |a Matemática | ||
| 653 | |a Matemática en poesía | ||
| 859 | |a CEMS |b BIB. CEMS - 11 de abril |h 510 |i Ab18 |p 12564.83 |t Ej.1 | ||
